ნორმალური ფორმატი
MARC ფორმატი
ჩანაწერი Personal Name
ჩანაწერთა რაოდენობა, რომელიც გამოყენებულია: 2
001 - CONTROL NUMBER
- control field: 3301
003 - CONTROL NUMBER IDENTIFIER
- control field: GE_BSU
005 - DATE AND TIME OF LATEST TRANSACTION
- control field: 20190724142155.0
008 - FIXED-LENGTH DATA ELEMENTS
- fixed length control field: 190724|| aca||aabn | a|a d
040 ## - CATALOGING SOURCE
- Original cataloging agency: GE_BSU
- Transcribing agency: GE_BSU
100 ## - HEADING--PERSONAL NAME
- Personal name: Rogers,John
670 ## - SOURCE DATA FOUND
- Source citation: Work cat.: (GE_BSU)41213: Rogers,John, Pre-itermediate MARKET LEADER :
